000 00325nam a22001457a 4500
008 210609b ||||| |||| 00| 0 eng d
020 _a9781585281947
041 _aeng
080 _a610
082 _a610
100 _a4
101 _aSHM
245 _aWomen's Health Across the Lifespan
_cBorgelt,L.M
942 _2udc
_cBK
999 _c58071
_d58071